000 00549nam a2200205Ia 4500
005 20260429112221.0
008 260429s9999||||xx |||||||||||||| ||und||
020 _a9789357510868
041 _aEnglish
082 _a621.381045
_bSHA
100 _aSharma, Arjun
245 0 _aHandbook of optoelectronics /
_cArjun Sharma
250 _a1st ed.
260 _aNew Delhi :
_bRandom Publications,
_c2024.
300 _aix, 276 p.; hb
650 _a Electronical engineering
650 _a Optoelectronics
650 _aEngineering
942 _cTB
999 _c52947
_d52947